Asimetrija konkurencii na rynke meždu postavščikami i krupnymi rozničnymi setjami

Problematika asymetrie trhovej konkurencie medzi dodávateľmi a maloobchodnými reťazcami.

Guardado en:
Detalles Bibliográficos
Autor principal: Dengová, Elena
Formato: Capítulo de libro
Lenguaje:ruso
Materias:
Etiquetas: Agregar Etiqueta
Sin Etiquetas, Sea el primero en etiquetar este registro!

MARC

LEADER 00000naa$a2200000$$$4500
001 0208821
005 20240502083522.0
041 0 |a rus 
044 |a RU 
245 1 0 |a Asimetrija konkurencii na rynke meždu postavščikami i krupnymi rozničnymi setjami  |c E. V. Dengová 
520 |a Problematika asymetrie trhovej konkurencie medzi dodávateľmi a maloobchodnými reťazcami. 
610 2 0 |a konkurencia 
610 2 0 |a maloobchod 
610 2 0 |a siete maloobchodné 
610 2 0 |a dodávatelia 
100 1 |a Dengová, Elena